Noise (Record no. 4546)

MARC details
000 -CABECERA
campo de control de longitud fija 02159nam a2200373 i 4500
001 - NÚMERO DE CONTROL
campo de control 990231986950107026
003 - IDENTIFICADOR DEL NÚMERO DE CONTROL
campo de control UkOxU
005 - FECHA Y HORA DE LA ÚLTIMA TRANSACCIÓN
campo de control 20250516111859.0
008 - DATOS DE LONGITUD FIJA--INFORMACIÓN GENERAL
campo de control de longitud fija 211222r20222021enka b 001|0 eng|d
015 ## - NÚMERO DE BIBLIOGRAFÍA NACIONAL
Número de bibliografía nacional GBC238298
Fuente bnb
016 7# - NÚMERO DE CONTROL DE UNA AGENCIA BIBLIOGRÁFICA NACIONAL
Número de control del registro 020508552
Fuente Uk
020 ## - NÚMERO INTERNACIONAL ESTÁNDAR DEL LIBRO
Número Internacional Estándar del Libro 9780008309039
Información calificativa paperback
Condiciones de disponibilidad Đ10.99
020 ## - NÚMERO INTERNACIONAL ESTÁNDAR DEL LIBRO
ISBN cancelado o inválido 9780008534448
Información calificativa export edition
035 ## - NÚMERO DE CONTROL DEL SISTEMA
Número de control de sistema (UkOxU)023198695
035 ## - NÚMERO DE CONTROL DEL SISTEMA
Número de control de sistema (UkOxU)023198695BIB01
035 ## - NÚMERO DE CONTROL DEL SISTEMA
Número de control de sistema (Uk)020508552
040 ## - FUENTE DE LA CATALOGACIÓN
Centro catalogador/agencia de origen StDuBDS
Lengua de catalogación eng
Normas de descripción rda
Centro/agencia transcriptor StDuBDS
Centro/agencia modificador UkOxU
050 ## - SIGNATURA TOPOGRÁFICA DE LA BIBLIOTECA DEL CONGRESO
Número de clasificación BF441
100 ## - ENTRADA PRINCIPAL--NOMBRE DE PERSONA
Nombre de persona Kahneman, Daniel
Fechas asociadas al nombre 1934-2024,
Término indicativo de función/relación author.
245 10 - MENCIÓN DE TÍTULO
Título Noise
Resto del título : a flaw in human judgement
Mención de responsabilidad, etc. / Daniel Kahneman, Olivier Sibony, Cass R. Sunstein.
250 ## - MENCIÓN DE EDICIÓN
Mención de edición Paperback edition.
264 #1 - PRODUCCIÓN, PUBLICACIÓN, DISTRIBUCIÓN, FABRICACIÓN Y COPYRIGHT
Producción, publicación, distribución, fabricación y copyright London :
Nombre del de productor, editor, distribuidor, fabricante William Collins,
Fecha de producción, publicación, distribución, fabricación o copyright 2022.
300 ## - DESCRIPCIÓN FÍSICA
Extensión xi, 452 pages :
Otras características físicas illustrations (black and white) ;
Dimensiones 20 cm.
500 ## - NOTA GENERAL
Nota general Originally published: 2021.
500 ## - NOTA GENERAL
Nota general Paperback edition published: 2022.
504 ## - NOTA DE BIBLIOGRAFÍA, ETC.
Nota de bibliografía, etc. Includes bibliographical references and index.
505 ## - NOTA DE CONTENIDO CON FORMATO
Nota de contenido con formato Two Kinds of Error — <br/>Finding Noise —<br/>Your Mind Is a Measuring Instrument —<br/>Noise in Predictive Judgments —<br/>How Noise Happens —<br/>Improving Judgments —<br/>Optimal Noise —<br/>Review and Conclusion — Taking Noise Seriously<br/>Epilogue — A Less Noisy World<br/>How to Conduct a Noise Audit —<br/>A Checklist for a Decision Observer —<br/>Correcting Predictions.
520 ## - SUMARIO, ETC.
Sumario, etc. From the world-leaders in strategic thinking and the multi-million copy bestselling authors of Thinking Fast and Slow and Nudge, the next big book to change the way you think.<br/><br/>We like to think we make decisions based on good reasoning – and that our doctors, judges, politicians, economic forecasters and employers do too. In this groundbreaking book, three world-leading behavioural scientists come together to assess the last great fault in our collective decision-making: noise.<br/><br/>We all make bad judgements more than we think. Noise shows us what we can do to make better ones.
650 #0 - PUNTO DE ACCESO ADICIONAL DE MATERIA--TÉRMINO DE MATERIA
Término de materia o nombre geográfico como elemento de entrada Decision making
9 (RLIN) 339
650 #0 - PUNTO DE ACCESO ADICIONAL DE MATERIA--TÉRMINO DE MATERIA
Término de materia o nombre geográfico como elemento de entrada Judgment
9 (RLIN) 6854
700 ## - ENTRADA AGREGADA--NOMBRE PERSONAL
Nombre de persona Sibony, Olivier
Fechas asociadas al nombre 1967-
Término indicativo de función/relación author.
9 (RLIN) 24933
700 ## - ENTRADA AGREGADA--NOMBRE PERSONAL
Nombre de persona Sunstein, Cass R
Término indicativo de función/relación author.
9 (RLIN) 22068
942 ## - ELEMENTOS DE ENTRADA AGREGADA (KOHA)
Fuente del sistema de clasificación o colocación Clasificación de Library of Congress
Holdings
Estado de retiro Estado de pérdida Fuente del sistema de clasificación o colocación Estado dañado No para préstamo Biblioteca de origen Biblioteca actual Fecha de adquisición Total de préstamos Signatura topográfica completa Código de barras Fecha visto por última vez Fecha del último préstamo Número de copia Precio válido a partir de Tipo de ítem Koha
    Clasificación de Library of Congress     TBS Barcelona TBS Barcelona 19/03/2025 1 BF441 KAH B05936 25/06/2025 28/03/2025 1 19/03/2025 Book

Powered by Koha